<?xml version="1.0" encoding="UTF-8"?>
<record
    xmlns:xsi="http://www.w3.org/2001/XMLSchema-instance"
    xsi:schemaLocation="http://www.loc.gov/MARC21/slim http://www.loc.gov/standards/marcxml/schema/MARC21slim.xsd"
    xmlns="http://www.loc.gov/MARC21/slim">

  <leader>02294nam a22005777a 4500</leader>
  <datafield tag="999" ind1=" " ind2=" ">
    <subfield code="c">358056</subfield>
    <subfield code="d">358056</subfield>
  </datafield>
  <controlfield tag="003">IT-MiSPE</controlfield>
  <controlfield tag="005">20181114114849.0</controlfield>
  <controlfield tag="008">181114b           ||||| |||| 00| 0 eng d</controlfield>
  <datafield tag="040" ind1=" " ind2=" ">
    <subfield code="a">IT-MiSPE</subfield>
    <subfield code="b">ita</subfield>
    <subfield code="c">IT-MiSPE</subfield>
  </datafield>
  <datafield tag="041" ind1=" " ind2=" ">
    <subfield code="a">ger</subfield>
  </datafield>
  <datafield tag="082" ind1=" " ind2=" ">
    <subfield code="a">838-MAN th s&#xE4; (23199)</subfield>
  </datafield>
  <datafield tag="100" ind1=" " ind2=" ">
    <subfield code="a">Mann, Thomas</subfield>
    <subfield code="c">Premio Nobel (1929)</subfield>
    <subfield code="d">1875-1955</subfield>
    <subfield code="e">autore</subfield>
    <subfield code="9">57455</subfield>
  </datafield>
  <datafield tag="245" ind1=" " ind2=" ">
    <subfield code="a">S&#xE4;mtliche Erz&#xE4;hlungen</subfield>
  </datafield>
  <datafield tag="260" ind1=" " ind2=" ">
    <subfield code="a">Frankfurt/M.</subfield>
    <subfield code="b">Fischer (Lizenzausgabe f&#xFC;r die Europ&#xE4;ische Bildungsgemeinschaft Verlags-GmbH, Stuttgart f&#xFC;r Bertelsmann, Reinhard Mohn OHG, G&#xFC;tersloh und f&#xFC;r die Buchgemeinschaft Donauland Kremayr &amp; Scheriau, Wien)</subfield>
    <subfield code="c">&#xA9;1963</subfield>
  </datafield>
  <datafield tag="300" ind1=" " ind2=" ">
    <subfield code="a">764 p. ;</subfield>
    <subfield code="c">21 cm</subfield>
  </datafield>
  <datafield tag="504" ind1=" " ind2=" ">
    <subfield code="a">Bibliografia (Bibliographischer Nachweis) pp. 761-764</subfield>
  </datafield>
  <datafield tag="655" ind1=" " ind2=" ">
    <subfield code="a">Lingua e letteratura tedesca</subfield>
    <subfield code="x">Vari altri autori: opere originali e studi</subfield>
    <subfield code="9">57384</subfield>
  </datafield>
  <datafield tag="730" ind1=" " ind2=" ">
    <subfield code="a">Vision.</subfield>
    <subfield code="l">ger</subfield>
    <subfield code="9">57456</subfield>
  </datafield>
  <datafield tag="730" ind1=" " ind2=" ">
    <subfield code="a">Gefallen.</subfield>
    <subfield code="l">ger</subfield>
    <subfield code="9">57457</subfield>
  </datafield>
  <datafield tag="730" ind1=" " ind2=" ">
    <subfield code="a">Der Wille zum Gl&#xFC;ck.</subfield>
    <subfield code="l">ger</subfield>
    <subfield code="9">57458</subfield>
  </datafield>
  <datafield tag="730" ind1=" " ind2=" ">
    <subfield code="a">Entt&#xE4;uschung.</subfield>
    <subfield code="l">ger</subfield>
    <subfield code="9">57459</subfield>
  </datafield>
  <datafield tag="730" ind1=" " ind2=" ">
    <subfield code="a">Der Tod.</subfield>
    <subfield code="l">ger</subfield>
    <subfield code="9">57460</subfield>
  </datafield>
  <datafield tag="730" ind1=" " ind2=" ">
    <subfield code="a">Der kleine Herr Friedemann.</subfield>
    <subfield code="l">ger</subfield>
    <subfield code="9">57461</subfield>
  </datafield>
  <datafield tag="730" ind1=" " ind2=" ">
    <subfield code="a">Der Bajazzo.</subfield>
    <subfield code="l">ger</subfield>
    <subfield code="9">57462</subfield>
  </datafield>
  <datafield tag="730" ind1=" " ind2=" ">
    <subfield code="a">Tobias Mindernickel.</subfield>
    <subfield code="l">ger</subfield>
    <subfield code="9">57463</subfield>
  </datafield>
  <datafield tag="730" ind1=" " ind2=" ">
    <subfield code="a">Der Kleideschrank.</subfield>
    <subfield code="l">ger</subfield>
    <subfield code="9">57464</subfield>
  </datafield>
  <datafield tag="730" ind1=" " ind2=" ">
    <subfield code="a">Ger&#xE4;cht.</subfield>
    <subfield code="l">ger</subfield>
    <subfield code="9">57465</subfield>
  </datafield>
  <datafield tag="730" ind1=" " ind2=" ">
    <subfield code="a">Luischen.</subfield>
    <subfield code="l">ger</subfield>
    <subfield code="9">57466</subfield>
  </datafield>
  <datafield tag="730" ind1=" " ind2=" ">
    <subfield code="a">Der Weg zum Friedhof.</subfield>
    <subfield code="l">ger</subfield>
    <subfield code="9">57467</subfield>
  </datafield>
  <datafield tag="730" ind1=" " ind2=" ">
    <subfield code="a">Gladius Dei.</subfield>
    <subfield code="l">ger</subfield>
    <subfield code="9">57468</subfield>
  </datafield>
  <datafield tag="730" ind1=" " ind2=" ">
    <subfield code="a">Tristan.</subfield>
    <subfield code="l">ger</subfield>
    <subfield code="9">57469</subfield>
  </datafield>
  <datafield tag="730" ind1=" " ind2=" ">
    <subfield code="a">Die Hungernden.</subfield>
    <subfield code="l">ger</subfield>
    <subfield code="9">57470</subfield>
  </datafield>
  <datafield tag="730" ind1=" " ind2=" ">
    <subfield code="a">Tonio Kr&#xF6;ger.</subfield>
    <subfield code="l">ger</subfield>
    <subfield code="9">57471</subfield>
  </datafield>
  <datafield tag="730" ind1=" " ind2=" ">
    <subfield code="a">Das Wunderkind.</subfield>
    <subfield code="l">ger</subfield>
    <subfield code="9">57472</subfield>
  </datafield>
  <datafield tag="730" ind1=" " ind2=" ">
    <subfield code="a">Ein Gl&#xFC;ck.</subfield>
    <subfield code="l">ger</subfield>
    <subfield code="9">57473</subfield>
  </datafield>
  <datafield tag="730" ind1=" " ind2=" ">
    <subfield code="a">Beim Propheten.</subfield>
    <subfield code="l">ger</subfield>
    <subfield code="9">57474</subfield>
  </datafield>
  <datafield tag="730" ind1=" " ind2=" ">
    <subfield code="a">Schwere Stunde.</subfield>
    <subfield code="l">ger</subfield>
    <subfield code="9">57475</subfield>
  </datafield>
  <datafield tag="730" ind1=" " ind2=" ">
    <subfield code="a">W&#xE4;lsungenblut.</subfield>
    <subfield code="l">ger</subfield>
    <subfield code="9">57476</subfield>
  </datafield>
  <datafield tag="730" ind1=" " ind2=" ">
    <subfield code="a">Anekdote.</subfield>
    <subfield code="l">ger</subfield>
    <subfield code="9">57477</subfield>
  </datafield>
  <datafield tag="730" ind1=" " ind2=" ">
    <subfield code="a">Das Eisenbahnungl&#xFC;ck.</subfield>
    <subfield code="l">ger</subfield>
    <subfield code="9">57478</subfield>
  </datafield>
  <datafield tag="730" ind1=" " ind2=" ">
    <subfield code="a">Wie Jappe und Do Escobar sich pr&#xFC;gelten.</subfield>
    <subfield code="l">ger</subfield>
    <subfield code="9">57479</subfield>
  </datafield>
  <datafield tag="730" ind1=" " ind2=" ">
    <subfield code="a">Der Tod in Venedig.</subfield>
    <subfield code="l">ger</subfield>
    <subfield code="9">57480</subfield>
  </datafield>
  <datafield tag="730" ind1=" " ind2=" ">
    <subfield code="a">Herr und Hund.</subfield>
    <subfield code="l">ger</subfield>
    <subfield code="9">57481</subfield>
  </datafield>
  <datafield tag="730" ind1=" " ind2=" ">
    <subfield code="a">Unordnung und fr&#xFC;hes Leid.</subfield>
    <subfield code="l">ger</subfield>
    <subfield code="9">57482</subfield>
  </datafield>
  <datafield tag="730" ind1=" " ind2=" ">
    <subfield code="a">Mario und der Zauberer.</subfield>
    <subfield code="l">ger</subfield>
    <subfield code="9">57483</subfield>
  </datafield>
  <datafield tag="730" ind1=" " ind2=" ">
    <subfield code="a">Die vertauschten K&#xF6;pfe.</subfield>
    <subfield code="l">ger</subfield>
    <subfield code="9">57484</subfield>
  </datafield>
  <datafield tag="730" ind1=" " ind2=" ">
    <subfield code="a">Das Gesetz.</subfield>
    <subfield code="l">ger</subfield>
    <subfield code="9">57485</subfield>
  </datafield>
  <datafield tag="730" ind1=" " ind2=" ">
    <subfield code="a">Die Betrogene.</subfield>
    <subfield code="l">ger</subfield>
    <subfield code="9">57486</subfield>
  </datafield>
  <datafield tag="730" ind1=" " ind2=" ">
    <subfield code="a">Der Knabe Henoch (fragment).</subfield>
    <subfield code="l">ger</subfield>
    <subfield code="9">57487</subfield>
  </datafield>
  <datafield tag="942" ind1=" " ind2=" ">
    <subfield code="2">ddc</subfield>
    <subfield code="c">BK</subfield>
  </datafield>
  <datafield tag="952" ind1=" " ind2=" ">
    <subfield code="0">0</subfield>
    <subfield code="1">0</subfield>
    <subfield code="2">ddc</subfield>
    <subfield code="4">0</subfield>
    <subfield code="6">838MAN_TH_S&#xC4;_23199</subfield>
    <subfield code="7">1</subfield>
    <subfield code="a">CINISELLO</subfield>
    <subfield code="b">CINISELLO</subfield>
    <subfield code="d">2018-11-14</subfield>
    <subfield code="l">0</subfield>
    <subfield code="o">838-MAN th s&#xE4; (23199)</subfield>
    <subfield code="r">2018-11-14 00:00:00</subfield>
    <subfield code="w">2018-11-14</subfield>
    <subfield code="y">BK</subfield>
  </datafield>
</record>
